Ilmul Kalam : / علم الکلام (Record no. 26679)

MARC details
000 -LEADER
fixed length control field 00581nam a22002057a 4500
003 - CONTROL NUMBER IDENTIFIER
control field BDDh-ASL
005 - DATE AND TIME OF LATEST TRANSACTION
control field 20231015030654.0
008 - FIXED-LENGTH DATA ELEMENTS--GENERAL INFORMATION
fixed length control field 211015n p ||||| |||| 00| 0 u d
040 ## - CATALOGING SOURCE
Original cataloging agency BDDh-ASL
Transcribing agency BDDh-ASL
082 ## - DEWEY DECIMAL CLASSIFICATION NUMBER
Classification number 297.181
Item number ILM
245 10 - TITLE STATEMENT
Title Ilmul Kalam : / علم الکلام
260 ## - PUBLICATION, DISTRIBUTION, ETC.
Place of publication, distribution, etc. Lahore :
Name of publisher, distributor, etc. Sange Meel Publications ,
300 ## - PHYSICAL DESCRIPTION
Extent 208 p. :
Dimensions 22 cm.
505 ## - FORMATTED CONTENTS NOTE
Formatted contents note Partly Worm-eaten
650 #0 - SUBJECT ADDED ENTRY--TOPICAL TERM
9 (RLIN) 1652
Topical term or geographic name entry element Islam
650 #0 - SUBJECT ADDED ENTRY--TOPICAL TERM
9 (RLIN) 2172
Topical term or geographic name entry element Philosophy
650 #0 - SUBJECT ADDED ENTRY--TOPICAL TERM
9 (RLIN) 2539
Topical term or geographic name entry element Islamic Philosophy
700 1# - ADDED ENTRY--PERSONAL NAME
9 (RLIN) 5104
Personal name Hasan, Maulavi Mohammad Faizul
942 ## - ADDED ENTRY ELEMENTS (KOHA)
Source of classification or shelving scheme Dewey Decimal Classification
Koha item type Books
Holdings
Withdrawn status Lost status Source of classification or shelving scheme Damaged status Not for loan Collection code Home library Current library Shelving location Date acquired Source of acquisition Serial Enumeration / chronology Total Checkouts Full call number Barcode Date last seen Copy number Price effective from Koha item type
    Dewey Decimal Classification     Non-fiction Asiatic Society Library Asiatic Society Library General Stacks 10/15/2021 ASB Library Collection U-0333   297.181 ILM 112718 10/15/2021 C-1 10/15/2021 Books

Powered by Koha